5 Seconds of Summer Quiz - Statistics

General Stats
  • This quiz has been taken 421 times
  • The average score is 13 of 15
Answer Stats
Question Answer % Correct
Who plays drums? ashton
100%
Who plays bass? calum
100%
Who is the lead singer luke
100%
Who plays lead guitar? michael
100%
What is the nickname for the band? 5sos
99%
What is Calum and Ashtons ship name? cashton
91%
Whats Michael and Luke's ship name? muke
91%
What is Michael and Ashtons ship name? mashton
89%
What is Luke and Calums ship name? cake
88%
Who had a lip peircing for one day and then took it out? calum
87%
What color shirt did Ashton wear to their first band practice? purple
81%
What is Calum's sisters name that makes her own music? mali
77%
What was their first song release for their album sounds good feels good? Shes Kinda Hot
72%
What is the name of their dog? ketchup
70%
What event do they host for their fans? derpcon
50%
No matching quizzes found
Score Distribution
Percent of People with Each Score
Percentile by Number Answered
Your Score History
You have not taken this quiz